| 000 | 01304nam a2200253Ia 4500 | ||
|---|---|---|---|
| 999 |
_c53271 _d53271 |
||
| 001 | 20312 | ||
| 003 | GE_BSU | ||
| 005 | 20200906222047.0 | ||
| 008 | 181216s1990||||ge |||||||||||||| ||geo|| | ||
| 020 | _a5505010296 | ||
| 040 | _cGE_BSU | ||
| 041 | _ageo | ||
| 080 | _a811.353.1(072) გ-61 | ||
| 100 |
_aგოგოსაშვილი, თამარ _99409 |
||
| 245 |
_aდიდაქტიკური მასალა მეტყველების განვითარებისათვის : _bდამხმ. სახელმძღვ. მე-5, მე-6, მე-7 კლ. მასწავლებელთათვის / _cთამარ გოგოსაშვილი, ნ. დაბრუნდაშვილი. |
||
| 264 |
_aთბილისი : _bგანათლება _c1990. |
||
| 300 |
_a202 გვ. : _b ილ. ; _c20 სმ. |
||
| 541 | _h60 თ. | ||
| 653 | _aდიდაქტიკური მასალა მეტყველების განვითარებისათვის | ||
| 653 | _aმეტყველების განვითარება | ||
| 653 | _aქართული ენა | ||
| 700 |
_aდაბრუნდაშვილი, ნ. _eავტორი _99410 |
||
| 942 |
_cBK _2udc |
||